[Event "Chinese Chess League Men 2019"]
[Site "Daqing"]
[Date "2019.06.22"]
[Round "4.7"]
[White "Liu, Qingnan"]
[Black "Chu, Wei Chao"]
[Result "0-1"]
[WhiteElo "2551"]
[BlackElo "2374"]
[Annotator "ChessBase"]
[PlyCount "108"]
[EventDate "2019.06.19"]
[EventType "team-tourn"]
[EventCountry "CHN"]
[SourceTitle "playchess.com"]
[Source "ChessBase"]
[SourceQuality "1"]
[TimeControl "5400+30"]

1. e4 {[%emt 0:00:00]} c5 {[%emt 0:00:00]} 2. Ne2 {[%emt 0:00:30]} d6 {[%emt 0:00:07]} 3. g3 {[%emt 0:00:54]} Nc6 {[%emt 0:00:10]} 4. Bg2 {[%emt 0:00:26]} g6 {[%emt 0:00:07]} 5. c3 {[%emt 0:00:58]} Bg7 {[%emt 0:00:36]} 6. d4 {[%emt 0:00:52]} Nf6 {[%emt 0:09:42]} 7. Na3 {[%emt 0:07:29]} cxd4 {[%emt 0:03:06]} 8. cxd4 {[%emt 0:00:10]} Bg4 {[%emt 0:00:08]} 9. f3 {[%emt 0:02:11]} Bd7 {[%emt 0:00:32]} 10. Be3 {[%emt 0:01:51]} O-O {[%emt 0:00:36]} 11. Qd2 {[%emt 0:00:47]} Qa5 {[%emt 0:05:18]} 12. Qxa5 {[%emt 0:18:34]} Nxa5 {[%emt 0:00:19]} 13. Kd2 {[%emt 0:00:21]} Rfc8 {[%emt 0:01:07]} 14. Rhc1 {[%emt 0:00:24]} d5 {[%emt 0:01:32]} 15. Bg5 {[%emt 0:09:41]} e6 {[%emt 0:06:14]} 16. Rxc8+ {[%emt 0:10:43]} Rxc8 {[%emt 0:01:32]} 17. e5 {[%emt 0:00:08]} Ne8 {[%emt 0:00:07]} 18. Rc1 {[%emt 0:00:04]} Rxc1 {[%emt 0:05:40]} 19. Kxc1 {[%emt 0:00:59]} Bf8 {[%emt 0:04:10]} 20. Nc2 {[%emt 0:00:26]} Nc6 {[%emt 0:04:11]} 21. Nc3 {[%emt 0:01:22]} Nc7 {[%emt 0:05:45]} 22. Bf1 {[%emt 0:00:17]} h6 {[%emt 0:09:20]} 23. Be3 {[%emt 0:00:11]} h5 {[%emt 0:00:43]} 24. Ne1 {[%emt 0:07:39]} Be7 {[%emt 0:01:20]} 25. Bd3 {[%emt 0:00:48]} Kg7 {[%emt 0:03:23]} 26. f4 {[%emt 0:00:37]} Nb4 {[%emt 0:02:42]} 27. Be2 {[%emt 0:00:15]} Kf8 {[%emt 0:03:42]} 28. b3 {[%emt 0:00:41]} Nc6 {[%emt 0:00:28]} 29. Kb2 {[%emt 0:00:22]} b6 {[%emt 0:05:10]} 30. h3 {[%emt 0:00:36]} Bc8 {[%emt 0:01:27]} 31. a3 {[%emt 0:00:45]} Ba6 {[%emt 0:00:43]} 32. Bxa6 {[%emt 0:02:42]} Nxa6 {[%emt 0:00:23]} 33. Nb5 {[%emt 0:02:03]} Ke8 {[%emt 0:01:31]} 34. Nd3 {[%emt 0:03:23]} Kd7 {[%emt 0:01:34]} 35. f5 {[%emt 0:01:44]} gxf5 {[%emt 0:04:31]} 36. h4 {[%emt 0:11:39]} f6 {[%emt 0:00:07]} 37. Nf4 {[%emt 0:02:13]} fxe5 {[%emt 0:01:46]} 38. dxe5 {[%emt 0:00:05]} Nc5 {[%emt 0:01:44]} 39. Nxh5 {[%emt 0:10:30]} Nd3+ {[%emt 0:00:10]} 40. Kc2 {[%emt 0:00:34]} Ndxe5 {[%emt 0:00:06]} 41. Nf4 {[%emt 0:00:47]} a6 {[%emt 0:01:28]} 42. Nd4 {[%emt 0:00:23]} Ng4 {[%emt 0:00:07]} 43. Nxc6 {[%emt 0:00:36]} Nxe3+ {[%emt 0:00:29]} 44. Kd3 {[%emt 0:00:06]} Kxc6 {[%emt 0:01:07]} 45. Kxe3 {[%emt 0:00:09]} e5 {[%emt 0:00:55]} 46. Ne6 {[%emt 0:01:38]} d4+ {[%emt 0:03:18]} 47. Kd3 {[%emt 0:00:36]} Kd6 {[%emt 0:00:36]} 48. Ng7 {[%emt 0:00:26]} e4+ {[%emt 0:00:08]} 49. Ke2 {[%emt 0:00:14]} Ke5 {[%emt 0:00:12]} 50. b4 {[%emt 0:00:25]} Bf8 {[%emt 0:01:53]} 51. Ne8 {[%emt 0:00:18]} d3+ {[%emt 0:00:08]} 52. Kd2 {[%emt 0:00:07]} Kd4 {[%emt 0:01:13]} 53. Nc7 {[%emt 0:00:02]} e3+ {[%emt 0:00:38]} 54. Ke1 {[%emt 0:00:05]} Bd6 {[%emt 0:00:26]} 0-1

[Event "Chinese Chess League Men 2019"]
[Site "Daqing"]
[Date "2019.06.22"]
[Round "4.8"]
[White "Zhao, Zhouqiao CHN"]
[Black "Huang, Renjie"]
[Result "1/2-1/2"]
[WhiteElo "2215"]
[BlackElo "2327"]
[Annotator "NA"]
[PlyCount "87"]
[EventDate "2019.06.19"]
[EventType "team-tourn"]
[EventCountry "CHN"]
[SourceTitle "playchess.com"]
[Source "ChessBase"]
[SourceQuality "1"]
[TimeControl "5400+30"]

1. d4 {[%emt 0:00:00]} d5 {[%emt 0:00:00]} 2. c4 {[%emt 0:00:00]} c6 {[%emt 0:00:08]} 3. Nf3 {[%emt 0:00:12]} Nf6 {[%emt 0:00:01]} 4. e3 {[%emt 0:00:08]} e6 {[%emt 0:00:18]} 5. b3 {[%emt 0:01:04]} Nbd7 {[%emt 0:00:43]} 6. Bd3 {[%emt 0:00:37]} Bd6 {[%emt 0:00:23]} 7. Bb2 {[%emt 0:00:16]} O-O {[%emt 0:00:27]} 8. O-O {[%emt 0:02:28]} Re8 {[%emt 0:00:26]} 9. Ne5 {[%emt 0:08:39]} c5 {[%emt 0:00:36]} 10. Nd2 {[%emt 0:01:03]} cxd4 {[%emt 0:08:18]} 11. exd4 {[%emt 0:00:09]} dxc4 {[%emt 0:00:05]} 12. Ndxc4 {[%emt 0:06:05]} Nb6 {[%emt 0:02:09]} 13. Nxd6 {[%emt 0:19:54]} Qxd6 {[%emt 0:00:03]} 14. Qf3 {[%emt 0:00:14]} Qd5 {[%emt 0:09:11]} 15. Qxd5 {[%emt 0:13:08]} Nbxd5 {[%emt 0:01:12]} 16. Rfc1 {[%emt 0:00:37]} a6 {[%emt 0:00:00]} 17. Nc4 {[%emt 0:02:21]} Rd8 {[%emt 0:00:00]} 18. Nd2 {[%emt 0:06:15]} Bd7 {[%emt 0:00:00]} 19. Ne4 {[%emt 0:00:30]} Nxe4 {[%emt 0:00:00]} 20. Bxe4 {[%emt 0:00:06]} Bc6 {[%emt 0:00:05]} 21. Bxd5 {[%emt 0:01:57]} Rxd5 {[%emt 0:00:00]} 22. f3 {[%emt 0:00:34]} Rad8 {[%emt 0:00:00]} 23. Rc2 {[%emt 0:00:32]} g5 {[%emt 0:00:00]} 24. Rac1 {[%emt 0:01:11]} Kg7 {[%emt 0:00:00]} 25. Rc5 {[%emt 0:00:22]} Kf6 {[%emt 0:00:00]} 26. Kf2 {[%emt 0:00:52]} h5 {[%emt 0:00:00]} 27. Ke3 {[%emt 0:00:34]} g4 {[%emt 0:02:03]} 28. Rxd5 {[%emt 0:05:28]} Bxd5 {[%emt 0:00:57]} 29. Ba3 {[%emt 0:11:01]} gxf3 {[%emt 0:03:41]} 30. gxf3 {[%emt 0:00:02]} Rg8 {[%emt 0:00:15]} 31. Kf2 {[%emt 0:00:50]} h4 {[%emt 0:05:02]} 32. Rg1 {[%emt 0:06:28]} Rxg1 {[%emt 0:02:08]} 33. Kxg1 {[%emt 0:00:02]} Bxf3 {[%emt 0:00:30]} 34. Kf2 {[%emt 0:00:11]} Be4 {[%emt 0:00:35]} 35. Bd6 {[%emt 0:00:12]} Bb1 {[%emt 0:00:58]} 36. a3 {[%emt 0:00:06]} Bc2 {[%emt 0:00:24]} 37. b4 {[%emt 0:00:08]} Kf5 {[%emt 0:01:00]} 38. Ke3 {[%emt 0:00:23]} f6 {[%emt 0:00:50]} 39. Bc7 {[%emt 0:00:47]} e5 {[%emt 0:01:10]} 40. dxe5 {[%emt 0:00:05]} fxe5 {[%emt 0:00:02]} 41. Bd8 {[%emt 0:00:28]} h3 {[%emt 0:00:11]} 42. Bc7 {[%emt 0:00:50]} Ke6 {[%emt 0:00:37]} 43. b5 {[%emt 0:01:01]} axb5 {[%emt 0:03:57]} 44. Ba5 {[%emt 0:00:06]} 1/2-1/2

[Event "Chinese Chess League Men 2019"]
[Site "Daqing"]
[Date "2019.06.22"]
[Round "4.9"]
[White "Ma, Qun"]
[Black "Bai, Jinshi"]
[Result "1/2-1/2"]
[WhiteElo "2626"]
[BlackElo "2606"]
[Annotator "TA"]
[PlyCount "60"]
[EventDate "2019.06.19"]
[EventType "team-tourn"]
[EventCountry "CHN"]
[SourceTitle "playchess.com"]
[Source "ChessBase"]
[SourceQuality "1"]

{[%evp 20,60,44,30,23,18,20,18,20,36,21,24,29,11,11,11,15,18,17,20,16,0,8,8,8,8,4,8,7,4,6,4,26,26,18,20,12,4,12,0,12,12,12]} 1. d4 d5 2. c4 c6 3. Nc3 Nf6 4. e3 g6 5. Nf3 Bg7 6. Be2 O-O 7. O-O dxc4 8. Bxc4 Bg4 9. h3 ({Predecessor:} 9. a4 Nbd7 10. h3 Bxf3 {½-½ (15) Lehner,O (2396)-Riedel,W (2335) Schwarzach 2000}) 9... Bxf3 10. Qxf3 Nbd7 {[%cal Bb8d7,Bd7b6,Bb6c4][%mdl 32]} 11. a4 e5 $146 {D94: Grünfeld: 4 Nf3 Bg7 5 e3} (11... a5 12. b3 Re8 13. Ba3 e6 14. e4 e5 15. d5 Bf8 16. d6 Bg7 17. Rfd1 Nf8 18. d7 N8xd7 19. g4 {0-1 (56) Suba,M (2531)-Onischuk,A (2646) Sovata 1999}) 12. a5 b5 13. axb6 Nxb6 14. dxe5 ({Not} 14. Qxc6 $2 exd4 15. exd4 Rc8 $19) 14... Nxc4 15. exf6 Qxf6 16. Qxf6 Bxf6 17. Ra6 Rfc8 18. Na4 Nb6 19. Nc5 Be7 20. Na4 Bf6 21. Rxb6 axb6 22. Nxb6 {[%mdl 64] [#] Double Attack} Rcb8 23. Nxa8 Rxa8 $11 {[%mdl 4096] Endgame KRB-KRB} 24. g4 Rb8 25. Kg2 Bxb2 26. Bxb2 Rxb2 27. Rc1 {The position is equal.} Rb6 28. g5 h6 29. h4 hxg5 30. hxg5 Kf8 {Accuracy: White = 70%, Black = 68%.} 1/2-1/2

[Event "Chinese Chess League Men 2019"]
[Site "Daqing"]
[Date "2019.06.22"]
[Round "4.10"]
[White "Xu, Yi"]
[Black "Xiang, Zeyu"]
[Result "1/2-1/2"]
[WhiteElo "2526"]
[BlackElo "2432"]
[Annotator "ChessBase"]
[PlyCount "60"]
[EventDate "2019.06.19"]
[EventType "team-tourn"]
[EventCountry "CHN"]
[SourceTitle "playchess.com"]
[Source "ChessBase"]
[SourceQuality "1"]
[TimeControl "5400+30"]

1. e4 {[%emt 0:00:00]} e5 {[%emt 0:00:00]} 2. Nf3 {[%emt 0:00:00]} Nc6 {[%emt 0:00:00]} 3. Bc4 {[%emt 0:00:00]} Bc5 {[%emt 0:00:00]} 4. O-O {[%emt 0:00:19]} Nf6 {[%emt 0:00:04]} 5. d3 {[%emt 0:00:03]} d6 {[%emt 0:00:08]} 6. c3 {[%emt 0:00:04]} a6 {[%emt 0:00:05]} 7. Nbd2 {[%emt 0:01:09]} O-O {[%emt 0:00:24]} 8. Bb3 {[%emt 0:00:21]} Ba7 {[%emt 0:00:15]} 9. h3 {[%emt 0:00:13]} h6 {[%emt 0:00:13]} 10. Re1 {[%emt 0:00:25]} Nh5 {[%emt 0:00:06]} 11. Nf1 {[%emt 0:01:01]} Qf6 {[%emt 0:00:07]} 12. Be3 {[%emt 0:03:41]} Bxe3 {[%emt 0:00:05]} 13. Nxe3 {[%emt 0:03:05]} Nf4 {[%emt 0:00:08]} 14. Nd5 {[%emt 0:13:45]} Nxd5 {[%emt 0:00:05]} 15. exd5 {[%emt 0:00:07]} Ne7 {[%emt 0:00:05]} 16. d4 {[%emt 0:00:13]} Ng6 {[%emt 0:00:07]} 17. dxe5 {[%emt 0:00:17]} dxe5 {[%emt 0:00:06]} 18. Bc2 {[%emt 0:00:58]} Bf5 {[%emt 0:00:06]} 19. Bxf5 {[%emt 0:00:23]} Qxf5 {[%emt 0:00:05]} 20. Qb1 {[%emt 0:01:59]} Qxb1 {[%emt 0:05:59]} 21. Raxb1 {[%emt 0:00:06]} f6 {[%emt 0:00:33]} 22. c4 {[%emt 0:01:14]} Rfd8 {[%emt 0:01:52]} 23. g3 {[%emt 0:00:28]} c6 {[%emt 0:01:10]} 24. dxc6 {[%emt 0:00:37]} bxc6 {[%emt 0:00:04]} 25. Rbd1 {[%emt 0:00:34]} Kf7 {[%emt 0:01:38]} 26. Kf1 {[%emt 0:02:19]} Nf8 {[%emt 0:03:15]} 27. Nd2 {[%emt 0:05:12]} Rd4 {[%emt 0:04:51]} 28. Nf3 {[%emt 0:07:30]} Rdd8 {[%emt 0:05:33]} 29. Nd2 {[%emt 0:00:10]} Rd4 {[%emt 0:08:27]} 30. Nf3 {[%emt 0:01:10]} Rdd8 {[%emt 0:00:07]} 1/2-1/2

[Event "Chinese Chess League Men 2019"]
[Site "Daqing"]
[Date "2019.06.22"]
[Round "4.11"]
[White "Zou, Chen"]
[Black "Lou, Yiping"]
[Result "1-0"]
[WhiteElo "2415"]
[BlackElo "2482"]
[Annotator "ChessBase"]
[PlyCount "67"]
[EventDate "2019.06.19"]
[EventType "team-tourn"]
[EventCountry "CHN"]
[SourceTitle "playchess.com"]
[Source "ChessBase"]
[SourceQuality "1"]
[TimeControl "5400+30"]

1. e4 {[%emt 0:01:36]} c5 {[%emt 0:00:00]} 2. Nf3 {[%emt 0:00:16]} Nc6 {[%emt 0:00:00]} 3. d4 {[%emt 0:01:25]} cxd4 {[%emt 0:00:00]} 4. Nxd4 {[%emt 0:00:05]} g6 {[%emt 0:00:05]} 5. Nc3 {[%emt 0:00:06]} Bg7 {[%emt 0:00:11]} 6. Be3 {[%emt 0:00:05]} Nf6 {[%emt 0:00:05]} 7. Bc4 {[%emt 0:00:24]} O-O {[%emt 0:00:20]} 8. Bb3 {[%emt 0:00:09]} Re8 {[%emt 0:00:33]} 9. O-O {[%emt 0:12:27]} d6 {[%emt 0:01:53]} 10. h3 {[%emt 0:05:07]} Na5 {[%emt 0:02:09]} 11. Qd2 {[%emt 0:08:05]} b6 {[%emt 0:02:29]} 12. Bh6 {[%emt 0:05:14]} Nxb3 {[%emt 0:17:21]} 13. axb3 {[%emt 0:01:09]} Bh8 {[%emt 0:00:38]} 14. f4 {[%emt 0:14:11]} Bb7 {[%emt 0:04:44]} 15. e5 {[%emt 0:23:02]} Nh5 {[%emt 0:16:15]} 16. e6 {[%emt 0:02:15]} Ng3 {[%emt 0:09:58]} 17. exf7+ {[%emt 0:06:36]} Kxf7 {[%emt 0:00:27]} 18. Ne6 {[%emt 0:01:31]} Qc8 {[%emt 0:05:51]} 19. Rfe1 {[%emt 0:02:59]} Nf5 {[%emt 0:00:43]} 20. Ra4 {[%emt 0:10:16]} Bxc3 {[%emt 0:05:10]} 21. bxc3 {[%emt 0:00:22]} b5 {[%emt 0:00:21]} 22. g4 {[%emt 0:01:56]} Nxh6 {[%emt 0:01:13]} 23. f5 {[%emt 0:00:09]} Ng8 {[%emt 0:12:40]} 24. fxg6+ {[%emt 0:01:21]} hxg6 {[%emt 0:01:05]} 25. Rf4+ {[%emt 0:00:29]} Nf6 {[%emt 0:00:04]} 26. g5 {[%emt 0:00:13]} Qc6 {[%emt 0:01:06]} 27. Kh2 {[%emt 0:00:16]} Bc8 {[%emt 0:04:21]} 28. Qe3 {[%emt 0:01:19]} Bb7 {[%emt 0:02:35]} 29. Qd2 {[%emt 0:00:42]} Bc8 {[%emt 0:04:08]} 30. Qe3 {[%emt 0:00:01]} Bb7 {[%emt 0:00:14]} 31. Qg3 {[%emt 0:00:02]} Bc8 {[%emt 0:04:14]} 32. Qh4 {[%emt 0:00:53]} Kg8 {[%emt 0:02:56]} 33. Qh6 {[%emt 0:00:52]} Bxe6 {[%emt 0:00:12]} 34. gxf6 {[%emt 0:00:14]} 1-0

[Event "Chinese Chess League Men 2019"]
[Site "Daqing"]
[Date "2019.06.22"]
[Round "4.12"]
[White "Xu, Yining"]
[Black "Lin, Yi"]
[Result "1/2-1/2"]
[WhiteElo "2359"]
[BlackElo "2396"]
[Annotator "NA"]
[PlyCount "59"]
[EventDate "2019.06.19"]
[EventType "team-tourn"]
[EventCountry "CHN"]
[SourceTitle "playchess.com"]
[Source "ChessBase"]
[SourceQuality "1"]
[TimeControl "5400+30"]

1. e4 {[%emt 0:00:00]} e5 {[%emt 0:00:00]} 2. Nf3 {[%emt 0:00:04]} Nf6 {[%emt 0:00:00]} 3. d4 {[%emt 0:00:29]} Nxe4 {[%emt 0:00:01]} 4. Bd3 {[%emt 0:00:06]} d5 {[%emt 0:00:07]} 5. Nxe5 {[%emt 0:00:30]} Nd7 {[%emt 0:00:09]} 6. Nxd7 {[%emt 0:00:23]} Bxd7 {[%emt 0:00:06]} 7. O-O {[%emt 0:00:09]} Bd6 {[%emt 0:00:51]} 8. Qh5 {[%emt 0:00:46]} Qf6 {[%emt 0:05:05]} 9. Nc3 {[%emt 0:01:43]} Qxd4 {[%emt 0:04:40]} 10. Be3 {[%emt 0:00:35]} Qe5 {[%emt 0:01:36]} 11. Qxe5+ {[%emt 0:00:16]} Bxe5 {[%emt 0:00:05]} 12. Nxd5 {[%emt 0:00:33]} Nf6 {[%emt 0:00:35]} 13. Rae1 {[%emt 0:00:30]} Nxd5 {[%emt 0:03:42]} 14. Bd4 {[%emt 0:00:43]} f6 {[%emt 0:02:24]} 15. Bxe5 {[%emt 0:02:00]} O-O-O {[%emt 0:00:37]} 16. Bg3 {[%emt 0:03:14]} Nb4 {[%emt 0:01:19]} 17. Bc4 {[%emt 0:00:58]} Rhe8 {[%emt 0:02:53]} 18. c3 {[%emt 0:07:11]} Nc6 {[%emt 0:01:56]} 19. Bd3 {[%emt 0:10:27]} h6 {[%emt 0:08:49]} 20. f3 {[%emt 0:06:34]} Rxe1 {[%emt 0:01:37]} 21. Rxe1 {[%emt 0:00:45]} Re8 {[%emt 0:00:06]} 22. Rxe8+ {[%emt 0:05:53]} Bxe8 {[%emt 0:00:06]} 23. Kf2 {[%emt 0:00:12]} Ne7 {[%emt 0:02:07]} 24. Bf4 {[%emt 0:02:09]} Bf7 {[%emt 0:01:15]} 25. b3 {[%emt 0:06:56]} Kd7 {[%emt 0:01:41]} 26. Ke2 {[%emt 0:05:32]} Nd5 {[%emt 0:03:17]} 27. Bd2 {[%emt 0:00:06]} Ne7 {[%emt 0:00:07]} 28. Bf4 {[%emt 0:00:20]} Nd5 {[%emt 0:00:04]} 29. Bd2 {[%emt 0:00:03]} Ne7 {[%emt 0:00:04]} 30. Bf4 {[%emt 0:00:03]} 1/2-1/2

[Event "Chinese Chess League Men 2019"]
[Site "Daqing"]
[Date "2019.06.23"]
[Round "5.1"]
[White "Dai, Changren"]
[Black "Yu, Yangyi"]
[Result "1-0"]
[WhiteElo "2480"]
[BlackElo "2738"]
[Annotator "TA"]
[PlyCount "115"]
[EventDate "2019.06.19"]
[EventType "team-tourn"]
[EventCountry "CHN"]
[SourceTitle "playchess.com"]
[Source "ChessBase"]
[SourceQuality "1"]

{[%evp 12,115,56,13,52,51,54,22,31,0,2,0,0,0,0,0,22,0,55,57,57,36,36,36,36,35,33,33,49,25,12,22,53,55,91,0,0,0,0,0,0,0,0,0,0,0,0,16,6,22,33,26,72,78,71,71,71,71,78,78,78,78,78,78,189,193,198,183,201,190,178,179,206,202,284,267,354,362,341,320,476,477,471,461,439,332,552,538,889,876,905,905,899,872,1640,1566,1636,1633,1465,1474,3141,2683,2202,1498,5214,5206]} 1. e4 e6 2. d4 d5 3. Nc3 Bb4 4. e5 b6 5. Qg4 Bf8 6. Nf3 Qd7 7. h4 Ne7 {C16: French: 3 Nc3 Bb4 4 e5: Lines without ...c5} 8. h5 h6 9. Qf4 Ba6 {The position is equal.} 10. Be2 $146 ({Predecessor:} 10. Bd2 Bxf1 11. Rxf1 c5 12. O-O-O c4 13. g4 b5 14. g5 hxg5 15. Nxg5 {0-1 (27) Rebernik,B (2106)-Tratar,M (2449) Slovenia 2016}) 10... c5 11. a4 Bxe2 12. Nxe2 Nbc6 13. O-O Nb4 14. Ne1 Nec6 (14... Nbc6 $11) 15. c3 $14 Na6 16. Qg3 Na5 17. Bf4 Nb3 18. Ra3 c4 19. Ra2 O-O-O 20. Nc1 Na5 21. Nf3 Kb8 22. Nd2 Rc8 23. Ne2 (23. b4 $16 cxb3 24. Ndxb3) 23... Ka8 $11 24. Be3 Qe8 25. Rb1 Nb8 26. Qg4 Nbc6 27. Ng3 f5 28. exf6 gxf6 29. Re1 Qf7 30. Bf4 Re8 31. Qg6 Nd8 32. Raa1 Rg8 33. Qxf7 Nxf7 34. Nf5 Kb7 35. Re2 Kc6 36. Rae1 Kd7 37. Nf3 Ng5 (37... Nc6 $16) 38. Bxg5 $1 $18 hxg5 39. h6 Nc6 {[#]} 40. Nh2 $1 $36 {[%cal Rh2g4][%mdl 2048] White has strong initiative.} Nd8 41. Ng4 Rg6 {[#]} 42. Re3 $1 Nf7 (42... a6 $142 43. h7 Bd6) 43. h7 Bd6 {[#]} 44. Ng7 $1 {[%mdl 512]} Rh8 {aiming for ...f5.} (44... Rxg7 45. Nxf6+) 45. Nh5 ({And not} 45. Rxe6 Rxg7 46. Nxf6+ Kc6 $11) ({Inferior is} 45. Nxe6 f5 $17) 45... e5 (45... Nd8 $142 46. Nhxf6+ Kc7) 46. Nhxf6+ Ke6 {If Black can now play ...e4 this consolidates a bit.} 47. dxe5 Bc5 48. R3e2 Rd8 $2 (48... Nh6 49. Ne3 Nf5 50. Nxf5 (50. Nfxd5 Nxe3 51. Nxe3 g4 $16) 50... Kxf5 51. g4+ Ke6) 49. Rd1 {White is clearly winning.} d4 50. cxd4 Rxd4 51. Rxd4 Bxd4 52. Rd2 Bc5 53. Rd7 {White wants to mate with Rxf7!} Be7 54. Rxa7 Rg7 55. Rb7 Nh8 56. Rxb6+ Kf5 57. Rb8 Bxf6 58. Nxf6 {Accuracy: White = 82%, Black = 45%.} 1-0

[Event "Chinese Chess League Men 2019"]
[Site "Daqing"]
[Date "2019.06.23"]
[Round "5.2"]
[White "Li, Chao b"]
[Black "Li, Yankai"]
[Result "1-0"]
[WhiteElo "2698"]
[BlackElo "2432"]
[Annotator "TA"]
[PlyCount "69"]
[EventDate "2019.06.19"]
[EventType "team-tourn"]
[EventCountry "CHN"]
[SourceTitle "playchess.com"]
[Source "ChessBase"]
[SourceQuality "1"]

{[%evp 19,69,-8,6,-10,40,33,29,13,36,14,16,30,32,17,55,33,80,72,67,77,105,100,235,230,226,207,660,660,661,654,633,615,1062,1035,984,653,643,622,1654,1581,29992,29993,29993,29994,29994,29995,29995,29996,29996,29997,29997,29998]} 1. d4 Nf6 2. c4 e6 3. Nc3 Bb4 4. e3 O-O 5. Nge2 d5 6. a3 Be7 7. cxd5 exd5 8. Nf4 c6 9. Bd3 Re8 10. O-O Bd6 11. f3 {E46: Nimzo-Indian: Rubinstein: 4 e3 0-0 5 Ne2 without early Bd3} Bxf4 (11... Na6 12. Bc2 Bxf4 13. exf4 Nc7 14. f5 b6 15. Bf4 Bb7 16. Qd2 Re7 17. g4 Nfe8 18. Rf2 f6 {1-0 (30) Bocharov,D (2560)-Anand,V (2803) Berlin 2015}) 12. exf4 b6 13. f5 {White has an edge.} Ba6 14. g4 Bxd3 $146 ({Predecessor:} 14... Nfd7 15. Bf4 Bxd3 16. Qxd3 b5 17. Rae1 Rxe1 18. Rxe1 Nb6 {½-½ (32) Moreby,J (2096)-Adair,J (2485) Daventry 2018}) 15. Qxd3 Qd6 16. Kg2 a5 17. Bg5 Na6 18. Bh4 c5 19. Rae1 c4 20. Qd2 Nd7 (20... Nc7 $16 {might work better.}) 21. Rxe8+ $18 Rxe8 22. Re1 Rc8 $2 {[#]} (22... Ra8 23. Bg3 Qc6) 23. Nb5 Qb8 24. Bg3 Qa8 25. Re7 Re8 26. Rxd7 Qc6 27. Rd6 Qxb5 28. f6 gxf6 29. Rxf6 {[#] White wants to mate with Qg5+.} Re6 30. Qg5+ {White mates.} Kf8 31. Rxe6 fxe6 32. Bd6+ Kf7 33. Qe7+ Kg6 34. Be5 {[%csl Ge5][%cal Re7g7]} Qxb2+ 35. Kg3 {Accuracy: White = 91%, Black = 26%.} 1-0

[Event "Chinese Chess League Men 2019"]
[Site "Daqing"]
[Date "2019.06.23"]
[Round "5.3"]
[White "Chu, Wei Chao"]
[Black "Xiu, Deshun"]
[Result "1-0"]
[WhiteElo "2374"]
[BlackElo "2538"]
[Annotator "ChessBase"]
[PlyCount "111"]
[EventDate "2019.06.19"]
[EventType "team-tourn"]
[EventCountry "CHN"]
[SourceTitle "playchess.com"]
[Source "ChessBase"]
[SourceQuality "1"]
[TimeControl "5400+30"]

1. d4 {[%emt 0:00:00]} Nf6 {[%emt 0:00:00]} 2. c4 {[%emt 0:00:00]} e6 {[%emt 0:00:00]} 3. g3 {[%emt 0:00:00]} d5 {[%emt 0:00:00]} 4. Bg2 {[%emt 0:00:00]} Be7 {[%emt 0:00:00]} 5. Nf3 {[%emt 0:00:03]} O-O {[%emt 0:00:07]} 6. O-O {[%emt 0:00:10]} dxc4 {[%emt 0:00:04]} 7. Qc2 {[%emt 0:00:34]} a6 {[%emt 0:00:07]} 8. a4 {[%emt 0:00:12]} Bd7 {[%emt 0:00:42]} 9. Qxc4 {[%emt 0:00:10]} Bc6 {[%emt 0:00:08]} 10. Bg5 {[%emt 0:00:06]} Nbd7 {[%emt 0:02:35]} 11. Nc3 {[%emt 0:00:28]} h6 {[%emt 0:00:37]} 12. Bxf6 {[%emt 0:00:10]} Nxf6 {[%emt 0:00:07]} 13. b4 {[%emt 0:05:52]} Bd5 {[%emt 0:00:47]} 14. Nxd5 {[%emt 0:01:18]} exd5 {[%emt 0:00:08]} 15. Qb3 {[%emt 0:01:36]} c6 {[%emt 0:04:44]} 16. Rfc1 {[%emt 0:09:18]} Ne4 {[%emt 0:21:28]} 17. Ne5 {[%emt 0:15:02]} Bf6 {[%emt 0:10:17]} 18. e3 {[%emt 0:17:46]} Nd6 {[%emt 0:17:29]} 19. Nd3 {[%emt 0:01:48]} Qe7 {[%emt 0:06:33]} 20. Qc2 {[%emt 0:02:52]} Rfe8 {[%emt 0:02:42]} 21. Re1 {[%emt 0:05:19]} Rac8 {[%emt 0:06:17]} 22. Nc5 {[%emt 0:07:34]} g6 {[%emt 0:02:35]} 23. Rad1 {[%emt 0:01:24]} Ra8 {[%emt 0:08:55]} 24. h4 {[%emt 0:04:10]} h5 {[%emt 0:00:21]} 25. Bf3 {[%emt 0:01:36]} Kg7 {[%emt 0:02:11]} 26. Kg2 {[%emt 0:00:06]} Rad8 {[%emt 0:06:36]} 27. Nd3 {[%emt 0:03:52]} Kg8 {[%emt 0:00:13]} 28. Nf4 {[%emt 0:01:01]} Bg7 {[%emt 0:00:05]} 29. Qb3 {[%emt 0:05:45]} b5 {[%emt 0:00:30]} 30. Nd3 {[%emt 0:00:11]} Nc4 {[%emt 0:00:32]} 31. Nc5 {[%emt 0:00:44]} bxa4 {[%emt 0:00:54]} 32. Qxa4 {[%emt 0:01:26]} Nb2 {[%emt 0:00:05]} 33. Qxc6 {[%emt 0:00:11]} Rd6 {[%emt 0:00:20]} 34. Qb7 {[%emt 0:01:04]} Qf8 {[%emt 0:05:46]} 35. Nxa6 {[%emt 0:06:56]} Nxd1 {[%emt 0:00:04]} 36. Rxd1 {[%emt 0:00:14]} Re7 {[%emt 0:00:05]} 37. Qb5 {[%emt 0:00:40]} Qd8 {[%emt 0:00:23]} 38. Nc5 {[%emt 0:01:17]} Ra7 {[%emt 0:00:05]} 39. Qd3 {[%emt 0:02:09]} Rb6 {[%emt 0:00:10]} 40. b5 {[%emt 0:00:08]} Bf8 {[%emt 0:00:32]} 41. Rb1 {[%emt 0:00:37]} Ra5 {[%emt 0:00:46]} 42. Qb3 {[%emt 0:02:29]} Bxc5 {[%emt 0:02:47]} 43. dxc5 {[%emt 0:00:07]} Rbxb5 {[%emt 0:00:04]} 44. Qxb5 {[%emt 0:00:10]} Rxb5 {[%emt 0:00:02]} 45. Rxb5 {[%emt 0:00:02]} Qd7 {[%emt 0:00:01]} 46. Rb6 {[%emt 0:00:45]} Kg7 {[%emt 0:01:43]} 47. Rd6 {[%emt 0:00:08]} Qb5 {[%emt 0:00:14]} 48. Rxd5 {[%emt 0:00:06]} Qc4 {[%emt 0:00:02]} 49. Re5 {[%emt 0:01:39]} Qc3 {[%emt 0:00:07]} 50. Rg5 {[%emt 0:00:47]} Kh6 {[%emt 0:02:24]} 51. c6 {[%emt 0:01:06]} Kg7 {[%emt 0:00:54]} 52. Rb5 {[%emt 0:00:21]} Qc4 {[%emt 0:00:16]} 53. Rb7 {[%emt 0:00:10]} Kh6 {[%emt 0:00:05]} 54. Rd7 {[%emt 0:00:37]} Qe6 {[%emt 0:00:49]} 55. Bd5 {[%emt 0:00:42]} Qe8 {[%emt 0:01:15]} 56. Rxf7 {[%emt 0:01:02]} 1-0